00357nam a2200145Ia 4500008004100000020001800041041000800059082001500067100001300082245002500095260003500120300002700155365001600182700001300198230718s9999 xx 000 0 und d a9789380289021 aeng a005.8bVER aVerma A. aCyber Crimes And Law c2009bCentral Law Publications a464dRef 66 IT (39207) cRs.b580.00 aVerma A.